banner-ar

يخرب بيت الحب / (Record no. 62942)

MARC details
000 -الفاتح
حقل البيانات ثابتة الطول 00712nam a22002177a 4500
005 - وقت وتاريخ اخر تعامل مع التسجيلة
رقم الضبط 20240530110615.0
008 - عناصر البيانات ثابتة الطول - معلومات عامة
حقل البيانات ثابتة الطول 161128s2015 ua g 000 e ara d
017 ## - رقم الايداع القانونى
رقم الايداع القانونى 2014/5525
المصدر ( الهيئة المختصة) مصر. دار الكتب
020 ## - الرقم الدولى المعيارى للكتب
الرقم الدولى المعيارى للكتاب 9789774279072
040 ## - مصدر الفهرسة
وكالة الفهرسة الأصلية EG-CaGPL
وكالة النسخ EG-CaGPL
082 04 - رقم تصنيف ديوى العشرى
رقم الطبعة 21
رقم التصنيف 814\
رقم المادة أ ى
100 0# - المدخل الرئيسى - إسم شخصى
الإسم الشخصى احمد رجب
245 10 - بيان العنوان
العنوان يخرب بيت الحب /
بيان المسئوليه,etc احمد رجب
250 ## - بيان الطبعة
بيان الطبعة ط.6.
260 ## - PUBLICATION, DISTRIBUTION, ETC. (IMPRINT)
تاريخ النشر أو التوزيع 24 سم.
300 ## - الوصف المادى
التعداد 263 ص. ؛
أبعاد الوعاء 19 سم.
650 07 - المدخل الاضافى بالموضوع-مصطلح موضوعى
مصدر الرأس أو المصطلح qarmak
مصطلح موضوعي المقالات العربية
650 07 - المدخل الاضافى بالموضوع-مصطلح موضوعى
مصدر الرأس أو المصطلح qarmak
مصطلح موضوعي الحب
التقسيم الفرعي العام مقالات
942 ## - عناصر المدخل الإضافي( كوها)
مصدر التصنيف او مخطط الترفيف Dewey Decimal Classification
Koha [default] item type كتاب
260 ## - PUBLICATION, DISTRIBUTION, ETC. (IMPRINT)
-- القاهرة :
-- الدار المصرية اللبنانية ،
Holdings
حالة التراجع حالة الفقد حالة تلف ليس للاعارة المكان المؤقت الموقع الحالى موقع الترفيف تاريخ الاكتساب اجمالي اﻻعارات رقم الطلب الباركود تاريخ اخر مشاهدة تاريخ تفعيل السعر نوع وعاء كوها
        مكتبة القاهرة الكبرى مكتبة القاهرة الكبرى القاعة الرئيسية 11/28/2016   814\ أ ى 162862 11/28/2016 11/28/2016 كتاب

Powered By

EGPV